Influencia de los medios instruccionales en el aprendizaje de los discentes de la Escuela de Pedagogía de la Universidad Central del Este, en el Semestre Mayo-Agosto, 2007 (Record no. 1162)

MARC details
000 -LEADER
campo de control de longitud fija 01903nam a2200529Ia 4500
001 - NÚMERO DE CONTROL
campo de control 1255
008 - DATOS DE LONGITUD FIJA--INFORMACIÓN GENERAL
campo de control de longitud fija 241029s9999 xx 000 0 und d
010 ## - NÚMERO DE CONTROL DE LA BIBLIOTECA DEL CONGRESO
Número de control de LC 1162
041 ## - CÓDIGO DE IDIOMA
Código de lengua del texto/banda sonora o título independiente Español
082 ## - NÚMERO DE LA CLASIFICACIÓN DECIMAL DEWEY
Número de clasificación 370-076-2007
245 #0 - MENCIÓN DEL TÍTULO
Título Influencia de los medios instruccionales en el aprendizaje de los discentes de la Escuela de Pedagogía de la Universidad Central del Este, en el Semestre Mayo-Agosto, 2007
260 ## - PUBLICACIÓN, DISTRIBUCIÓN, ETC.
Lugar de publicación, distribución, etc. San Pedro de Macorís
300 ## - DESCRIPCIÓN FÍSICA
Extensión 53
520 ## - RESUMEN, ETC.
Sumario, etc. 37
520 ## - RESUMEN, ETC.
Sumario, etc. El propósito principal de este estudio consistió en conocer el nivel de uso y manejo de los medios Instruccionales de la escuela de Pedagogía de la Universidad Central del Este (UCE). La investigación fue de tipo descriptiva, utilizando una muestra de 10 profesores y 90 estudiantes de Pedagogía.La conclusión reflejó que los medios utilizados para la enseñanza en la escuela de Pedagogía están acordes con los tiempos, debido a que los profesores tienen un nivel académico recomendable y se utilizan los recursos tecnológicos.
630 ## - PUNTO DE ACCESO ADICIONAL DE MATERIA--TÍTULO UNIFORME
Título uniforme Aprendizaje
630 ## - PUNTO DE ACCESO ADICIONAL DE MATERIA--TÍTULO UNIFORME
Título uniforme Pedagogía
650 ## - PUNTO DE ACCESO ADICIONAL DE MATERIA--TÉRMINO DE MATERIA
Término de materia o nombre geográfico como elemento de entrada Aprendizaje
690 ## - PUNTO DE ACCESO ADICIONAL DE MATERIA LOCAL--TÉRMINO DE MATERIA (OCLC, RLIN)
Término de materia o nombre geográfico como elemento inicial Elaborado
700 ## - ENTRADA AGREGADA--NOMBRE PERSONAL
Término indicativo de función/relación asesor
Nombre de persona Basora, Olga
700 ## - ENTRADA AGREGADA--NOMBRE PERSONAL
Término indicativo de función/relación autor
Nombre de persona Herrera García, Aracelis
901 ## - ELEMENTOS DE DATOS A LOCAL LDA (RLIN)
a {"1":"Herrera García"}
b {"1":"Aracelis"}
902 ## - ELEMENTOS DE DATOS B LOCAL, LDB (RLIN)
a 1
903 ## - ELEMENTOS DE DATOS C LOCAL, LDC (RLIN)
a {"1":"Basora"}
b {"1":"Olga"}
904 ## - ELEMENTOS DE DATOS D LOCAL, LDD (RLIN)
a Maestría en
905 ## - ELEMENTOS DE DATOS E LOCAL, LDE (RLIN)
a Educación Superior
906 ## - ELEMENTOS DE DATOS F LOCAL, LDF (RLIN)
a 1
907 ## - ELEMENTOS DE DATOS G LOCAL, LDG (RLIN)
a Mención en
908 ## - COLOCAR PARÁMETRO DE COMANDO (RLIN)
Colocar parámetro de comando Docencia
909 ## -
-- Universidad Central del Este (UCE)
910 ## - DATOS DE OPCIÓN DEL USUARIO (OCLC)
Datos de opción del usuario NULL
-- NULL
911 ## - EQUIVALENCIA O REFERENCIA-CRUZADA-NOMBRE DE CONFERENCIA O REUNIÓN/CONGRESO [LOCAL, CANADÁ]
Nombre de congreso/reunión o jurisdicción como elemento de entrada ["1"]
912 ## -
-- NO APLICA
913 ## -
-- NULL
914 ## -
-- 01 de Agosto de 2007
915 ## -
-- 20/07/15 04:07
916 ## -
-- NULL
917 ## -
-- NULL
918 ## -
-- NO APLICA
919 ## -
-- ["18","153"]
921 ## -
-- 2
922 ## -
-- 2
923 ## -
-- 0
924 ## -
-- NO APLICA
942 ## - ELEMENTOS DE ENTRADA SECUNDARIOS (KOHA)
Tipo de ítem Koha

No items available.

© 2024. Todos los Derechos Reservados. Desarrollado por IDEICE